Estudio de prefactibilidad para un nuevo Mercado Municipal de Jinotega
Presenta los diferentes juegos de planos elaborados para el mercado Municipal de Jinotega.
| Main Author: | |
|---|---|
| Other Authors: | |
| Format: | Tesis Section = Libro |
| Language: | Undetermined Spanish |
| Published: |
Managua
UNI
1998
|
| Subjects: |
| LEADER | 00788nam a2200229Ia 4500 | ||
|---|---|---|---|
| 008 | 240830s9999 xx 000 0 und d | ||
| 040 | |a BIBLIOTECA-RUSB/ Mon 725.2 V713 | ||
| 041 | |a spa | ||
| 082 | |a Mon 725.2 V713 | ||
| 100 | 1 | |a Villagra Jarquín, Cástula | |
| 245 | 1 | 0 | |a Estudio de prefactibilidad para un nuevo Mercado Municipal de Jinotega |
| 260 | |a Managua |b UNI |c 1998 | ||
| 300 | |a 72 p. :il. | ||
| 502 | |a Tesis (Arquitecto) - UNI, 1998. | ||
| 520 | 3 | |a Presenta los diferentes juegos de planos elaborados para el mercado Municipal de Jinotega. | |
| 650 | 7 | |a MERCADO - JINOTEGA - PLANOS | |
| 650 | 7 | |b PROPUESTA - MERCADO - PLANOS | |
| 650 | 7 | |c ESTRUCTURA URBANA - JINOTEGA PLANOS | |
| 700 | 1 | |a Tutor: |b Morales Alonso, Fernando | |
| 942 | |c BK |2 ddc | ||
| 991 | |a TESIS | ||
| 999 | |c 21227 | ||